Arad régiségei s a turistaság
Elmentve itt :
| Dokumentumtípus: | Cikk |
|---|---|
| Megjelent: |
1892
|
| Sorozat: | Kolligátum
|
| Kulcsszavak: | Magyarország - honismeret - regionális, Arad - honismeret, Arad története, Turizmus |
| Online Access: | http://misc.bibl.u-szeged.hu/23666 |
| LEADER | 00555nab a2200157 i 4500 | ||
|---|---|---|---|
| 001 | misc23666 | ||
| 005 | 20191108150508.0 | ||
| 008 | 171005s1892 hu o 0|| zxx d | ||
| 040 | |a SZTE Miscellanea Repozitórium |b hun | ||
| 041 | |a zxx | ||
| 245 | 0 | 0 | |a Arad régiségei s a turistaság |h [elektronikus dokumentum] |
| 260 | |c 1892 | ||
| 300 | |a 124-130 | ||
| 490 | 0 | |a Kolligátum | |
| 695 | |a Magyarország - honismeret - regionális, Arad - honismeret, Arad története, Turizmus | ||
| 856 | 4 | 0 | |u http://misc.bibl.u-szeged.hu/23666/1/koll_008_005_124-130.pdf |z Dokumentum-elérés |